Statistiques concernant Devinez l'État Américain Mystère #31

Cliquez ici pour prendre le quiz!

Statistiques générales

  • Ce quiz a été pris 120 fois
  • Le résultat moyen est 32 sur 41

Statistiques - réponses

Type de RéponseRéponse% Correct
Lettre TrouvéeA
100%
Lettre TrouvéeE
100%
Lettre TrouvéeI
100%
Lettre TrouvéeN
100%
Lettre de l'AlphabetR
100%
Lettre de l'AlphabetL
99%
Lettre TrouvéeO
99%
Lettre de l'AlphabetS
98%
Lettre de l'AlphabetC
95%
Lettre de l'AlphabetD
95%
Lettre de l'AlphabetH
93%
Lettre TrouvéeM
93%
Lettre TrouvéeU
93%
Lettre de l'AlphabetT
91%
Lettre de l'AlphabetG
89%
Lettre de l'AlphabetW
89%
Lettre de l'AlphabetK
88%
Lettre de l'AlphabetF
82%
Lettre de l'AlphabetY
80%
Lettre de l'AlphabetP
78%
Lettre de l'AlphabetB
77%
Lettre TrouvéeV
73%
Lettre TrouvéeX
70%
Lettre de l'AlphabetJ
69%
Lettre de l'AlphabetZ
67%
Lettre Bien PlacéeA
61%
Lettre Bien PlacéeE
61%
Lettre Bien PlacéeE
61%
Lettre Bien PlacéeE
61%
Lettre Bien PlacéeI
61%
Lettre Bien PlacéeM
61%
Lettre Bien PlacéeN
61%
État MystèreNouveau-Mexique
61%
Lettre Bien PlacéeO
61%
Lettre TrouvéeQ
61%
Lettre Bien PlacéeQ
61%
Lettre Bien PlacéeU
61%
Lettre Bien PlacéeU
61%
Lettre Bien PlacéeU
61%
Lettre Bien PlacéeV
61%
Lettre Bien PlacéeX
61%

Distribution des résultats

Percentile par nombre de réponses

% des personnes avec chaque résultat

Votre développement - résultats

Vous n’avez pas pris ce quiz